| 000 | 02532nam a22004334i 4500 | ||
|---|---|---|---|
| 003 | PE-LiUPU | ||
| 005 | 20260325091412.0 | ||
| 008 | 100301s2010 pe a b 000 0 spa d | ||
| 035 | _aPE-LiUPU000017 | ||
| 040 |
_aPE-LiUPU _bspa _cPE-LiUPU _erda |
||
| 041 | 0 | _aspa | |
| 082 | 0 | 4 |
_a323.4 _bP471a _2TP |
| 110 |
_aPerú. _bDefensoría del Pueblo. _bAdjuntía para la Niñez y la Adolescencia. _eautor. _98200 |
||
| 245 | 1 | 0 |
_aActuaciones defensoriales en el marco del conflicto de Bagua : _bInforme de la Defensora del Pueblo a la Comisión del Congreso de la República que investiga los sucesos de Bagua, aledaños y otros / _cEdición del texto a cargo de Mario Razzeto. |
| 264 | 1 |
_aLima : _bDefensoría del Pueblo, _c2010. |
|
| 300 |
_a57 páginas ; _c28 cm |
||
| 336 |
_atext _2rdacontent |
||
| 337 |
_aunmediated _2rdamedia |
||
| 338 |
_avolume _2rdacarrier |
||
| 490 | 0 |
_aSerie documentos defensoriales ; _vDocumento N° 10 |
|
| 500 | _aPrimera edición. | ||
| 500 | _aTiraje de 800 ejemplares. | ||
| 500 | _aHecho el depósito legal en la Biblioteca Nacional del Perú N° 2010-03931. | ||
| 500 | _aInforme presentado por la Defensora del Pueblo, Beatriz Merino, a la Comisión Investigadora Multipartidaria del Congreso de la República. | ||
| 500 | _aEdición del texto a cargo de Mario Razzeto. | ||
| 500 | _aDiseño, diagramación y producción gráfica: GMC Digital S.A.C. | ||
| 504 | _aIncluye referencias. | ||
| 505 | 0 | _aDeclaración contra la violencia -- Marco de la intervención defensorial -- Contexto de las actuaciones defensoriales frente al conflicto -- Antes del cinco de junio -- Surgimiento del conflicto -- Primer escalamiento hacia la violencia y crisis -- Desescalamiento y proceso de diálogo -- Segundo escalamiento hacia la violencia -- Durante el cinco y seis de junio -- El conflicto en su fase crítica -- Después de la crisis -- Desescalamiento y proceso de diálogo. | |
| 546 | _aTexto en español. | ||
| 610 | 1 | 4 |
_aPerú. _bDefensoría del Pueblo _xInformes. |
| 650 | 2 | 8 |
_aConflicto de Bagua (Perú), 2009 _vCronología _98201 |
| 650 | 2 | 8 |
_aConflicto de Bagua (Perú), 2009 _vOpinión pública _98201 |
| 650 | 2 | 8 |
_aConflicto social _zPerú _zAmazonas _98202 |
| 650 | 2 | 8 |
_aInvestigación criminal _zPerú _zAmazonas _92818 _y2009 |
| 700 |
_aMerino Lucero, Beatriz, _d1947- _epresentadora. _98203 |
||
| 710 |
_aPerú. _bCongreso de la republica. _eeditor. _97917 |
||
| 942 |
_2ddc _cBK |
||
| 980 |
_618228 _aRebeca Esther Huerta Leyton _818226 _gJaime Vilcazán Jefe de Análisis Documental |
||
| 999 |
_c63341 _d63340 |
||